Statistiques concernant Mots mêlés 🔍 de Pays 🌍 - #2

Cliquez ici pour prendre le quiz!

Statistiques générales

  • Ce quiz a été pris 4 740 fois
  • Le résultat moyen est 11 sur 17

Réponses sur la Carte

Les réponses sont colorées sur une échelle allant du rouge au vert en fonction du pourcentage des utilisateurs qui les ont devinées à leur premier essai. Vous pouvez retrouver ces pourcentages ci-dessous.
 

Statistiques - réponses

% Correct
Egypte
96%
Equateur
94%
Argentine
91%
Finlande
80%
Iran
78%
Japon
78%
Armenie
72%
Cuba
61%
Espagne
59%
Guyana
54%
Etats-Unis
51%
Serbie
51%
Australie
50%
Gabon
49%
Italie
39%
Togo
36%
Oman
29%

Distribution des résultats

Percentile par nombre de réponses

% des personnes avec chaque résultat

Votre développement - résultats

Vous n’avez pas pris ce quiz